000 00979nmm a2200325 a 4500
003 AR-BaBNM
005 20251128203053.0
008 206119s1960 ||||||||||||||000 | spa||
040 _cAR-BaBNM
100 1 _aLuz, Fábio
_chijo
245 1 0 _aCooperativas escolares
250 _a5ª ed. aum.
260 _aRío de Janeiro
_bMinisterio de Agricultura. Serviço de Economía Rural
_c1960
300 0 _a405 p.
_btablas
500 0 _aContiene anexos con legislación sobre cooperativas escolares
650 4 _aCOOPERATIVAS ESCOLARES
650 4 _aEDUCACION COOPERATIVA
650 4 _aLEGISLACION COOPERATIVA
650 4 _aCOOPERATIVAS
650 4 _aEDUCACION DEL CONSUMIDOR
650 4 _aEDUCACION PARA EL DESARROLLO
650 4 _aEDUCACION PARA EL TRABAJO
651 4 _aBrasil
653 0 _aEDUCACION PRIMARIA
653 0 _aEDUCACION SECUNDARIA
653 0 _aTEMAS TRANSVERSALES
700 1 _aSmith Braz, José
_eprologuista
942 _cBK
998 _cSILVI
999 _c1751
_d1751